Zelená správa
Súhrnné hodnotenie vývoja hospodárstva SR. Pozícia vodného hospodárstva. Realizácia cieľov vodohospodárskej politiky. Východiská pre rozpočet roku 2002. Návrh opatrení k správe o vodnom hospodárstve v SR 2001.
Enregistré dans:
| Format: | Chapitre de livre |
|---|---|
| Langue: | slovaque |
| Sujets: | |
| Tags: |
Pas de tags, Soyez le premier à ajouter un tag!
|
MARC
| LEADER | 00000naa a2200000 4500 | ||
|---|---|---|---|
| 001 | r043397 | ||
| 005 | 20230720100226.8 | ||
| 041 | 0 | |a slo | |
| 044 | |a SK | ||
| 245 | 1 | 0 | |a Zelená správa |
| 520 | |a Súhrnné hodnotenie vývoja hospodárstva SR. Pozícia vodného hospodárstva. Realizácia cieľov vodohospodárskej politiky. Východiská pre rozpočet roku 2002. Návrh opatrení k správe o vodnom hospodárstve v SR 2001. | ||
| 610 | 2 | 0 | |a vodohospodárstvo |
| 610 | 2 | 0 | |a voda |
| 610 | 2 | 0 | |a voda pitná |
| 610 | 2 | 0 | |a zdroje vodné |
| 610 | 2 | 0 | |a štruktúra ekonomiky odvetvová |
| 610 | 2 | 0 | |a toky vodné |
| 610 | 2 | 0 | |a Slovensko |